Responses for Show #6180 - Friday, June 24, 2011

Jay Rhee game 5.

Contestants

[<< previous game]

Elaine Garrett, a college assistant director of admissions from Troy, New York

Marc Tracy, a writer for an online magazine from New York, New York

Jay Rhee, an oncologist from Annapolis, Maryland (whose 4-day cash winnings total $85,803)

[next game >>]

Jeopardy! Round responses

IN THE BEGINNING
SITCOM BY CHARACTERS
FOOD & DRINK BRANDS
NEW YORK CITIES & TOWNS
THE NATIONAL TOY HALL OF FAME
"Y" IS THE ONLY VOWEL
    $200 6
(Marc: What is football?)

rowing

Marc
Triple Stumper
    $200 1
Barney Miller

Elaine
    $200 26
Girl Scout Cookies

Jay
    $200 16
Cooperstown

Jay
    $200 21
Lionel

Jay
    $200 11
hymns

Jay
    $400 7
(Elaine: What is the Rhesus monkey?)

a chimpanzee

JayElaine
    $400 2
South Park

Marc
    $400 27
Campbell's

Jay
    $400 17
Rochester

Jay
    $400 22
Raggedy Ann

Jay
    $400 12
shyly

Jay
    $600 8
an exclamation point

Jay
    $600 3
Coach

Jay
    $600 28
Tootsie Roll

Elaine
    $1,000 18
(Alex: Jay?)
(Jay: I don't know.)

Ithaca

Jay
    $600 23
a Slinky

Jay
    $600 13
a nymph

Jay
    $800 9
"Rudolph the Red-Nosed Reindeer"

Elaine
    $800 4
Parks and Recreation

Triple Stumper
    $800 29
Aunt Jemima

Triple Stumper
    $800 19
(Jay: What is Sing Sing?)

Attica

JayElaine
    $800 24
Tonka

Jay
    $800 14
gypsy

Jay
    $1000 10
(The) RAND (Corporation)

Marc
    $1000 5
Will & Grace

Jay
    $1000 30
DiGiorno

Jay
    $1000 20
(Elaine: What is Oswego?)

Ticonderoga

Elaine
Triple Stumper
    $1000 25
Lincoln Logs

Marc
    $1000 15
(Jay: What is Illyrian?)

pygmy

JayElaine

Scores at the first commercial break (after clue 14):

Jay Marc Elaine
$4,600 $1,200 $600

Scores at the end of the Jeopardy! Round:

Jay Marc Elaine
$6,000 $2,200 $2,000

Double Jeopardy! Round responses

MAY I QUOTE YOU ON THAT?
COVER BANDS
REVOLUTIONARY WAR GENERALS
WHATCHAMACALLIT
OUR TOP STORIES
STARTS WITH THE SAME 2 LETTERS
    $400 2
Queen Elizabeth II

Marc
    $400 23
The Eagles

Jay
    $400 1
Washington

Marc
    $400 25
a guillotine

Jay
    $400 11
Canterbury

Jay
    $400 26
eerie

Marc
    $800 3
television

Marc
    $800 24
(Alex: You know your groups.)

Nirvana

Jay
    $800 7
Lafayette

Jay
    $800 16
communion

Elaine
    $800 12
Satan

Marc
    $800 27
oodles

Marc
    $2,500 4
(Alex: Yep, we were caught napping.)

1941

Marc
    $1200 20
The Police

Marc
    $3,000 8
[Note: The Double Jeopardy! graphic flips on screen as soon as this Daily Double is hit.]

(Thomas) Sumter

Jay
    $1200 17
a schwa

Jay
    $1200 13
Tobacco Road

Marc
    $1200 28
Aaron

Marc
    $1600 5
rock & roll

Elaine
    $1600 21
U2

Jay
    $1600 9
(Henry) Knox

Jay
    $1600 18
a pip

Jay
    $1600 14
gruel

Elaine
    $1600 29
oolong

Jay
    $2000 6
(Alex: And that device was [*], which did fail with great consequence.)

the blowout preventer

Triple Stumper
    $2000 22
AC/DC

Jay
    $2000 10
(Marc: Who was Brown?)

Nathanael Greene

Marc
Triple Stumper
    $2000 19
a ramekin

Elaine
    $2000 15
(Alex: On the road to [*].)

San Francisco

Triple Stumper
    $2000 30
Lloyd's

Elaine

Scores at the end of the Double Jeopardy! Round:

Jay Marc Elaine
$21,400 $9,900 $10,000
(lock game)

[wagering suggestions for these scores]

Final Jeopardy! Round responses

WORLD CAPITALS
(Alex: It is the capital of a country that has been very much in the news, for the last decade, at least.)
...
(Alex: [Revealing Marc's response] What is [*]--capital of Pakistan.)
MarcWhat is Islamabad?
$7,000
ElaineWhat is Islamabad?
$4,500
JayWhat is Islamabad?
$0
Islamabad

Final scores:

Jay Marc Elaine
$21,400 $16,900 $14,500
5-day champion: $107,203 2nd place: $2,000 3rd place: $1,000

Game dynamics:

Coryat scores:

Jay Marc Elaine
$20,600 $8,600 $10,000
29 R
(including 1 DD),
3 W
(including 1 DD)
13 R
(including 1 DD),
2 W
10 R,
2 W

Combined Coryat: $39,200

[game clues] [game scores] [suggest correction]

Game tape date: 2011-03-01
The J! Archive is created by fans, for fans. Scraping, republication, monetization, and malicious use prohibited; this site may use cookies and collect identifying information. See terms. The Jeopardy! game show and all elements thereof, including but not limited to copyright and trademark thereto, are the property of Jeopardy Productions, Inc. and are protected under law. This website is not affiliated with, sponsored by, or operated by Jeopardy Productions, Inc. Join the discussion at JBoard.tv.